• 首页
  • 本馆介绍
  • 公告通知
  • 最新文献
  • 馆藏检索
  • 电子资源
  • 读者导购
  • 参考咨询
  • 我的图书馆
  • 登录
  • 详细信息显示
  • 放入我的书架
  • 预约/预借图书
  • 作者相关作品
  • 分类相关作品
  • 丛书相关作品
  • 出版社相关作品

书目信息

  • 表格格式
  • 工作单格式
  • 卡片格式
题名:
吃出美丽与健康
    
 
作者: 顾奎琴 编著
分册:  
出版信息: 北京   金盾出版社  2006
页数: 304页
开本: 23cm
丛书名:
单 册:
中图分类: R151.3 , R247.1
科图分类:
主题词: 食品营养--基本知识 , 食物疗法--基本知识 , 食品营养 , 食物疗法
电子资源:
ISBN: 7-5082-3850-8
000 00845nam0 2200265 450
001 1549354142
005 20150131134325.12
010    @a7-5082-3850-8@dCNY29.00
100    @a20060210d2006 em y0chiy50 ea
101 0  @achi
102    @aCN@b110000
105    @aa z 000yy
200 1  @a吃出美丽与健康@9chi chu mei li yu jian kang@f顾奎琴编著
210    @a北京@c金盾出版社@d2006
215    @a304页@c彩照@d23cm
330    @a本书共三篇:饮食能改善生命状态篇、饮食能美肤养颜篇、饮食能香身美体篇。推荐了351个食疗方,帮助您在一日三餐中轻松地吃出健康、美丽和自信。
606 0  @a食品营养@x基本知识
606 0  @a食物疗法@x基本知识
606 0  @a食品营养
606 0  @a食物疗法
690    @aR151.3@v5
690    @aR247.1@v5
701  0 @a顾奎琴@9gu kui qin@c(女,@f1956~)@4编著
801  0 @aCN@bTSSF@c20150131
905    @aZUCC@dR151.3@eJY279
    
    吃出美丽与健康/顾奎琴编著.-北京:金盾出版社,2006
    304页:彩照;23cm
    
    
    ISBN 7-5082-3850-8:CNY29.00
    本书共三篇:饮食能改善生命状态篇、饮食能美肤养颜篇、饮食能香身美体篇。推荐了351个食疗方,帮助您在一日三餐中轻松地吃出健康、美丽和自信。
●
相关链接 在E读中查询图书 在五车中查询图书 在当当中查询图书 在豆瓣中查询图书


正题名:吃出美丽与健康     索取号:R151.3/JY279         预约/预借

序号 登录号 条形码 馆藏地/架位号 状态 备注
1 7861942   278619425   学院路分馆/ [索取号:R151.3/JY279] 在馆    
2 7861943   278619434   学院路分馆/ [索取号:R151.3/JY279] 在馆    
唐山师范学院图书馆 欢迎您!
大连网信软件有限公司© 版权所有